SENSE AND SENSIBILITY (Record no. 8030)
[ view plain ]
| 000 -LEADER | |
|---|---|
| fixed length control field | 00595nam a22001337a 4500 |
| 082 ## - DEWEY DECIMAL CLASSIFICATION NUMBER | |
| Classification number | 823 |
| Item number | AUS/S |
| 100 ## - MAIN ENTRY--AUTHOR NAME | |
| Personal name | AUSTEN, JANE |
| 245 ## - TITLE STATEMENT | |
| Title | SENSE AND SENSIBILITY |
| 260 ## - PUBLICATION, DISTRIBUTION, ETC. (IMPRINT) | |
| Place of publication | DELHI |
| Name of publisher | LITTLE SCHOLARZ PVT LTD |
| Year of publication | 2013 |
| 300 ## - PHYSICAL DESCRIPTION | |
| Number of Pages | 256 |
| 520 ## - SUMMARY, ETC. | |
| Summary, etc | The novel follows the three Dashwood sisters and their widowed mother as they are forced to leave the family estate at Norland Park and move to Barton Cottage, a modest home on the property of distant relative Sir John Middleton. There Elinor and Marianne experience love, romance, and heartbreak. |
| 650 ## - SUBJECT ADDED ENTRY--TOPICAL TERM | |
| Topical Term | ENGLISH LITERATURE |
| Geographic subdivision | INDIA |
| 942 ## - ADDED ENTRY ELEMENTS (KOHA) | |
| Koha item type | Books |
| Withdrawn status | Lost status | Collection code | Home library | Current library | Shelving location | Date acquired | Source of acquisition | Full call number | Accession Number | Koha item type |
|---|---|---|---|---|---|---|---|---|---|---|
| Fiction | Main Library | Main Library | SHELF 4-F ENGLISH CLASSICS | 16/03/2018 | purchase | 823 AUS/S | 10172 | Books |